FIRES IN COAL MINING (Record no. 5390)

MARC details
000 -LEADER
fixed length control field 00327nam a22001457a 4500
005 - DATE AND TIME OF LATEST TRANSACTION
control field 20170401153617.0
008 - FIXED-LENGTH DATA ELEMENTS--GENERAL INFORMATION
fixed length control field 170401b xxu||||| |||| 00| 0 eng d
041 ## - LANGUAGE CODE
Language code of text/sound track or separate title eng
100 ## - MAIN ENTRY--AUTHOR NAME
Personal name KAKU,L.C
245 ## - TITLE STATEMENT
Title FIRES IN COAL MINING
260 ## - PUBLICATION, DISTRIBUTION, ETC. (IMPRINT)
Name of publisher ORIENTAL PUBLISHER
300 ## - PHYSICAL DESCRIPTION
Number of Pages 140
650 ## - SUBJECT ADDED ENTRY--TOPICAL TERM
Topical Term MINNING
942 ## - ADDED ENTRY ELEMENTS (KOHA)
Koha item type Books
Holdings
Lost status Damaged status Collection code Home library Current library Shelving location Date acquired Source of acquisition Cost, normal purchase price Accession Number Koha item type
    MINING JRU Library JRU Library SHELF-94-B 08/11/2023 PURCHASE 200.00 21632 Books
      JRU Library   SHELF-6-C 14/02/2023 PURCHASE 200.00 21633 Books
    MINING JRU Library JRU Library SHELF-94-B 04/03/2024 PURCHASE 200.00 21634 Books